La lingüística de la escritura: Debates entre lengua y literatura

Salvato in:
Dettagli Bibliografici
Autori principali: Fabb, Nigel (Autore), Attridge, Derek (Autore), Durant, Alan (Autore), MacCabe, Colin (Autore)
Natura: Libro
Lingua:spagnolo
Pubblicazione: Madrid Visor 1989
Serie:Lingüística y Conocimiento, 4
Soggetti:
Tags: Aggiungi Tag
Nessun Tag, puoi essere il primo ad aggiungerne!!

MARC

LEADER 00000nam a2200000 a 4500
001 UCG1354
003 CL-VaPUC
008 100429e19890000SP |||||||||||||||||spa|d
020 |a 8477748543 
082 0 4 |a 418  |b FAB  |2 21 
100 0 |a Fabb, Nigel  |e author  |9 549266 
700 0 |a Attridge, Derek  |e author  |9 549267 
700 0 |a Durant, Alan  |e author  |9 549268 
700 0 |a MacCabe, Colin  |e author  |9 549269 
245 1 3 |a La lingüística de la escritura: Debates entre lengua y literatura 
300 |a 313 p 
942 |c BK 
945 |d 20100429 00:00:00  |a dcastane 
260 |a Madrid  |b Visor  |c 1989 
650 0 |a Composición literaria  |9 324494 
650 0 |a Retórica   |9 266620 
650 0 |a Estilo literario  |9 316417 
650 0 |a Lingüística aplicada   |9 313266 
650 0 |a Literatura  |9 259151 
650 7 |a TEORIA LINGUISTICA  |2 CL-VaPUC  |9 334835 
583 |a last modification  |c 20100429 00:00:00  |k Rodrigo Vera 
490 0 |a Lingüística y Conocimiento, 4 
999 |c 340758  |d 340756 
952 |0 0  |1 0  |4 0  |6 418_000000000000000_FAB_1989  |7 0  |8 A  |9 435751  |a BIBEDU  |b BIBEDU  |c ES_NOD  |d 2019-11-22  |i 4666712  |l 1  |o 418 FAB 1989  |p 4666712  |r 2023-08-09  |s 2023-05-31  |w 2019-11-22  |y BK  |k EDI